Дарий (Запис номер 67228)
[ съкратено ]
| 000 -Лидер | |
|---|---|
| Контролно поле с фиксирана дължина | 01313nam a2200337 c 4500 |
| 003 - Код на организацията, давaща контролен номер | |
| Контролно поле | BLK |
| 005 - Дата и час на последна редакция | |
| Контролно поле | 20241128104328.0 |
| 008 - Елементи от данни с фиксирана дължина | |
| fixed length control field | 180408b bul|||||r ||||||| ||bul|| |
| 010 ## - Наследен системен номер | |
| LC control number | KNG00071538000 |
| 020 ## - Международен стандартен номер на книга ISBN | |
| Международен стандартен номер на книга ISBN | 954-361-012-6 |
| -- | издат.: Ирина Галчовска-Гея-11 |
| 040 ## - Източник на каталожния запис | |
| Идентификатор на билиотеката - собственик на записа | BLK |
| 041 ## - Код за език | |
| Код за езика на текст/звукозапис или на отделно заглавие | Български |
| Код за езика КДБФ | Български |
| 080 ## - УДК | |
| Текстов определител УДК | Руска литература |
| УДК код - определител по УДК | 821.161.1 |
| УДК определител | -311.6 |
| УДК - код + определител | 821.161.1-311.6 |
| 100 1# - Редна дума - Автор | |
| Автор | Поротников, Виктор Петрович |
| Авторска отговорност | първи автор |
| R(LIN) | 112620 |
| 139 ## - Редно поле | |
| Редна дума | Поротников, Виктор Петрович |
| Авторски знак | Пор - П 79 |
| 245 10 - Сведения за заглавието | |
| Заглавие | Дарий |
| Подзаглавни данни | Роман |
| Редно поле (дума) | Виктор Петрович Поротников; прев. Мариян Петров. |
| 257 ## - Страна на издаване | |
| Страна на създаване/издаване | Русия |
| 260 ## - Област на издателските данни | |
| -- | Добрич |
| Име на издателя, разпространителя и проч. | Ирина Галчовска-Гея-11 |
| Година на издаване | 2006 |
| 300 ## - Физическа характеристика | |
| Страници | 496 с. |
| Размери/Мащаб | 20 см |
| 380 ## - Жанр | |
| Жанр | Худож. лит. |
| 490 1# - СЕРИИ (Колекции) | |
| Име на серия | Библиотека Посоки)(Поредица Исторически романи |
| 500 ## - Общи забележки | |
| Забележка | Ориг. загл. Дарий / В. П. Поротников. |
| 590 ## - Забележки на библиотеката, притежаваща документа (RLIN) | |
| Служебно | ф |
| 700 1# - Други автори (авторска отговорност) | |
| Лично име | Петров, Мариян |
| Автороска отговорност (Описва отношението между автора и произведението) | прев. |
| 9 (RLIN) | 250570 |
| 852 ## - Местоположение | |
| Форматна сигнатура | Цб 231417 |
| 856 4# - Електронен адрес и достъп | |
| Електронен формат | pdf - файл |
| Път до файла /url/ | |
| 856 4# - Електронен адрес и достъп | |
| Електронен формат | pdf - файл |
| Път до файла /url/ | |
| 942 ## - АРТИКУЛИ | |
| Вид на библиотечния материал | Книги |
| Скрит в OPAC | Не |
| Koha issues (borrowed), all copies | 5 |
| 944 ## - СЪЗДАВАНЕ И РЕДАКЦИЯ на ЗАПИСА | |
| Създаване/Редакция | Създаване |
| Дата на регистрацията/редакция | 12.02.2007 |
| Служител, извършил регистрацията/редакцията | 30531 |
| Статус, дата на статуса | Цветелина Шанова |
| 944 ## - СЪЗДАВАНЕ И РЕДАКЦИЯ на ЗАПИСА | |
| Създаване/Редакция | Редакция |
| Дата на регистрацията/редакция | 21.01.2008 |
| Служител, извършил регистрацията/редакцията | |
| 999 ## - СИСТЕМНИ КОНТРОЛНИ НОМЕРА | |
| Koha biblionumber | 67228 |
| Koha biblioitemnumber | 67228 |
| Код за отписване | Код за изгубен артикул | Код за повреда | Коз за рестрикции | Код за отдаване | Артикулен № | Име на библиотеката - собственик | Име на библиотеката, в която се намира в момента | Статус (Текущо местоположение) | Дата на вписване в системата | Местоположение - отдел | Цена в лева | Инвентарен номер | Систематично азбучна сигнатура | Баркод | Номер на екземпляра | Цена в евро | Служебна бележка | Служебен тип на артикула |
|---|---|---|---|---|---|---|---|---|---|---|---|---|---|---|---|---|---|---|
| Не е изгубен | Не е повреден | без рестрикции | заемане за дома | 111139 | Регионална библиотека "Любен Каравелов" Русе | Регионална библиотека "Любен Каравелов" Русе | Заемна - подръчен фонд | 2007-02-12 | Заемна - подръчен фонд | 11.99 | 120000709598 | П 882-31/П 79 | 120000709598 | 1 | 6.13 | Дост: Pk Вид: Ф N: 5 Дата: 12.02.2007 Дата инв: 09.02.2018 Бележки инв: П2018 | Книги | |
| Не е изгубен | Не е повреден | без рестрикции | ползва се в читалня | 111140 | Регионална библиотека "Любен Каравелов" Русе | Регионална библиотека "Любен Каравелов" Русе | Хранилище | 2008-01-17 | Хранилище | 11.99 | 120000722147 | Цб 231417 | 120000722147 | 2 | 6.13 | Дост: Dp Вид: Д N: 39 Дата: 06.09.2007 | Книги |